000
00207 a2200097 4500
001
23123
100
_a
Beg, A
245
_a
Grass Roots Government
260
_a
_b
Pak Patriotic
_c
1962
090
_c
15663
_d
15663
942
_a
NUST-CAE
_c
M
_c
6295
999
_c
258196
_d
258196